Quiz Del Mundo - Estadísticas

Estadísticas generales
  • Esta prueba ha sido intentada 154 veces
  • La puntuación promedio es 5 de 6
Estadísticas de respuestas
Pregunta Respuesta % Correcto
¿Cual es la capital de España? Madrid
100%
¿Cual es la capital de estados unidos? Washinton DC
100%
¿Que empresa se encarga de controlar el espacio? Nasa
93%
¿Cual es el pais mas grande del mundo? Rusia
93%
¿De que color es la bandera de mauritania? Roja verde y amarilla
71%
¿Cual es el continente mas grande del mundo? Asia
64%
No se encontraron pruebas coincidentes
Distribución de puntuación
Porcentaje de gente con cada puntuación
Porcentaje por número respondido
Historial de tus puntuaciones
No has intentado esta prueba.